| 000 | 00328nam a2200109Ia 4500 | ||
|---|---|---|---|
| 008 | 171211s9999 xx 000 0 und d | ||
| 245 | _aPositive Options for Living with Lupus: Self-Help and Treatment | ||
| 245 | _cPhilippa Pigache | ||
| 260 | _c2006 | ||
| 650 | _xFITNESS | ||
| 856 | _uhttp://down.ebook777.com/062/0897934873.pdf | ||
| 999 |
_c349072 _d349072 |
||